[Event "Oberliga Nord O 1718"]
[Site "Germany"]
[Date "2017.12.10"]
[Round "4.4"]
[White "Heuer, Thomas"]
[Black "Syre, Christian"]
[Result "0-1"]
[WhiteElo "2105"]
[BlackElo "2178"]
[PlyCount "59"]
[EventDate "2017.10.08"]
[EventType "team-tourn"]
[EventRounds "9"]
[EventCountry "GER"]
[SourceTitle "EXT 2019"]
[Source "ChessBase"]
[SourceDate "2018.10.10"]
[SourceVersion "1"]
[SourceVersionDate "2018.10.10"]
[SourceQuality "1"]
[WhiteTeam "Neuruppin"]
[BlackTeam "Berlin Oberschoeneweide"]
[WhiteTeamCountry "GER"]
[BlackTeamCountry "GER"]

1. d4 Nf6 2. Nf3 g6 3. c4 Bg7 4. Nc3 d6 5. e4 0-0 6. Be2 e5 7. 0-0 Nbd7 8. Re1 c6 9. Rb1 a5 10. a3 exd4 11. Nxd4 Nc5 12. Bf3 a4 13. Bf4 Re8 14. b4 axb3 15. Nxb3 Nfd7 16. Re3 Ne5 17. Nxc5 dxc5 18. Qb3 Qa5 19. a4 Re7 20. Be2 Be6 21. Bg3 Qa6 22. Bxe5 Bxe5 23. Qb6 Qxb6 24. Rxb6 Bc8 25. Rb1 Bd4 26. Rg3 f5 27. exf5 Bxc3 28. fxg6 Bd4 29. gxh7+ Kh8 30. Kf1 0-1

[Event "Oberliga Nord O 1617"]
[Site "Germany"]
[Date "2017.05.07"]
[Round "9.2"]
[White "Niehaus, Frank"]
[Black "Heuer, Thomas"]
[Result "1/2-1/2"]
[WhiteElo "2220"]
[BlackElo "2101"]
[PlyCount "42"]
[EventDate "2016.10.16"]
[EventType "team-tourn"]
[EventRounds "9"]
[EventCountry "GER"]
[SourceTitle "EXT 2018"]
[Source "ChessBase"]
[SourceDate "2017.10.13"]
[SourceVersion "1"]
[SourceVersionDate "2017.10.13"]
[SourceQuality "1"]
[WhiteTeam "Koenig Tegel"]
[BlackTeam "Neuruppin"]
[WhiteTeamCountry "GER"]
[BlackTeamCountry "GER"]

1. e4 c5 2. Nf3 Nc6 3. d4 cxd4 4. Nxd4 g6 5. Nc3 Bg7 6. Be3 Nf6 7. Bc4 0-0 8. Bb3 a5 9. 0-0 a4 10. Nxa4 Nxe4 11. Nb5 d6 12. Qe2 Ra6 13. c4 f5 14. f3 Nf6 15. Rfd1 Kh8 16. Rac1 Na5 17. Qf2 Nxb3 18. axb3 Bd7 19. Bb6 Qb8 20. Nc7 Rxb6 21. Qxb6 Bxa4 1/2-1/2

[Event "Berlin Lichtenrade op 12th"]
[Site "Berlin"]
[Date "2016.10.28"]
[Round "7"]
[White "Heuer, Thomas"]
[Black "Idaczek, Guenter"]
[Result "1/2-1/2"]
[WhiteElo "2127"]
[BlackElo "1916"]
[PlyCount "40"]
[EventDate "2016.10.22"]
[EventType "swiss"]
[EventRounds "9"]
[EventCountry "GER"]
[SourceTitle "EXT 2018"]
[Source "ChessBase"]
[SourceDate "2017.10.13"]
[SourceVersion "1"]
[SourceVersionDate "2017.10.13"]
[SourceQuality "1"]

1. d4 Nf6 2. Nf3 g6 3. c4 Bg7 4. Nc3 d6 5. e4 0-0 6. Be2 e5 7. 0-0 Na6 8. Bg5 c6 9. dxe5 dxe5 10. Nxe5 Qxd1 11. Raxd1 Nxe4 12. Nxe4 Bxe5 13. Be7 Re8 14. Nf6+ Bxf6 15. Bxf6 Be6 16. b3 Nc5 17. Bf3 Nd7 18. Bc3 Nc5 19. Bb4 Nd7 20. Bc3 Nc5 1/2-1/2

[Event "Berlin Lichtenrade op 12th"]
[Site "Berlin"]
[Date "2016.10.27"]
[Round "6"]
[White "Acikel, Mert"]
[Black "Heuer, Thomas"]
[Result "1/2-1/2"]
[WhiteElo "1871"]
[BlackElo "2127"]
[PlyCount "30"]
[EventDate "2016.10.22"]
[EventType "swiss"]
[EventRounds "9"]
[EventCountry "GER"]
[SourceTitle "EXT 2018"]
[Source "ChessBase"]
[SourceDate "2017.10.13"]
[SourceVersion "1"]
[SourceVersionDate "2017.10.13"]
[SourceQuality "1"]

1. e4 c5 2. Nf3 Nc6 3. d4 cxd4 4. Nxd4 Nf6 5. Nc3 d6 6. Be2 g6 7. 0-0 Bg7 8. Nb3 0-0 9. Bg5 Be6 10. Re1 d5 11. exd5 Nxd5 12. Nxd5 Qxd5 13. Qxd5 Bxd5 14. c3 h6 15. Bh4 g5 1/2-1/2

[Event "Oberliga Nord O 1516"]
[Site "Germany"]
[Date "2016.03.13"]
[Round "8.6"]
[White "Heuer, Thomas"]
[Black "Kather, Yannick"]
[Result "1/2-1/2"]
[WhiteElo "2132"]
[BlackElo "2043"]
[PlyCount "43"]
[EventDate "2015.09.20"]
[EventType "team-tourn"]
[EventRounds "9"]
[EventCountry "GER"]
[SourceTitle "EXT 2017"]
[Source "ChessBase"]
[SourceDate "2016.10.25"]
[SourceVersion "1"]
[SourceVersionDate "2016.10.25"]
[SourceQuality "1"]
[WhiteTeam "Neuruppin"]
[BlackTeam "Weisse Dame"]
[WhiteTeamCountry "GER"]
[BlackTeamCountry "GER"]

1. d4 Nf6 2. Nf3 g6 3. c4 Bg7 4. Nc3 d5 5. cxd5 Nxd5 6. e4 Nxc3 7. bxc3 c5 8. Be3 0-0 9. Rc1 Qa5 10. Qd2 Rd8 11. d5 Nc6 12. Bd3 Ne5 13. Nxe5 Bxe5 14. 0-0 e6 15. Bg5 f6 16. Bf4 Qc7 17. Bxe5 Qxe5 18. Rce1 Qd6 19. c4 e5 20. f4 Bd7 21. h4 exf4 22. Qxf4 1/2-1/2

[Event "Oberliga Nord O 1314"]
[Site "Germany"]
[Date "2014.01.19"]
[Round "5.4"]
[White "Dudzinski, Piotr"]
[Black "Heuer, Thomas"]
[Result "1-0"]
[WhiteElo "2333"]
[BlackElo "2156"]
[PlyCount "57"]
[EventDate "2013.10.13"]
[EventType "team-tourn"]
[EventRounds "9"]
[EventCountry "GER"]
[SourceTitle "EXT 2015"]
[Source "ChessBase"]
[SourceDate "2014.11.20"]
[SourceVersion "1"]
[SourceVersionDate "2014.11.20"]
[SourceQuality "1"]
[WhiteTeam "Ruedersdorf"]
[BlackTeam "Neuruppin"]
[WhiteTeamCountry "GER"]
[BlackTeamCountry "GER"]

1. e4 c6 2. d4 d5 3. exd5 cxd5 4. Bd3 Nc6 5. c3 Nf6 6. Bf4 g6 7. Nf3 Bg7 8. 0-0 0-0 9. Re1 Nh5 10. Bg3 Bg4 11. Nbd2 Nxg3 12. hxg3 f6 13. Qb3 Bxf3 14. Nxf3 Qd7 15. c4 Na5 16. Qb4 Nc6 17. Qc5 e6 18. cxd5 exd5 19. Bb5 Rfc8 20. Ba4 Bf8 21. Qb5 Rc7 22. Rac1 Rd8 23. Rc3 Qd6 24. Bb3 Kg7 25. a3 Ne7 26. Rce3 Rdc8 27. Qa5 b6 28. Qd2 Qd7 29. Re6 1-0

[Event "Oberliga Nord O 1314"]
[Site "Germany"]
[Date "2013.12.15"]
[Round "4.5"]
[White "Kretzschmann, Jens"]
[Black "Heuer, Thomas"]
[Result "1/2-1/2"]
[WhiteElo "2192"]
[BlackElo "2156"]
[PlyCount "110"]
[EventDate "2013.10.13"]
[EventType "team-tourn"]
[EventRounds "9"]
[EventCountry "GER"]
[SourceTitle "EXT 2015"]
[Source "ChessBase"]
[SourceDate "2014.11.20"]
[SourceVersion "1"]
[SourceVersionDate "2014.11.20"]
[SourceQuality "1"]
[WhiteTeam "Berlin SF III"]
[BlackTeam "Neuruppin"]
[WhiteTeamCountry "GER"]
[BlackTeamCountry "GER"]

1. e4 c6 2. d3 d5 3. Nd2 e5 4. Ngf3 Bg4 5. h3 Bxf3 6. Qxf3 Bc5 7. Qg3 Qf6 8. Nf3 Nd7 9. Be2 h6 10. 0-0 Ne7 11. d4 Bxd4 12. Nxd4 exd4 13. exd5 Nxd5 14. Bg4 0-0-0 15. h4 Rhe8 16. Bd2 Re4 17. Rae1 Rde8 18. Qa3 Rxe1 19. Bxe1 Qxh4 20. Bxd7+ Kxd7 21. Qxa7 Qf4 22. Qxb7+ Qc7 23. Qb3 Re6 24. Bd2 Re2 25. Qd3 Qe5 26. a4 Qe4 27. Rd1 Qxd3 28. cxd3 Re8 29. Rc1 Rb8 30. b4 Nc3 31. Bxc3 dxc3 32. Rxc3 Rxb4 33. Ra3 Rb1+ 34. Kh2 Kc7 35. Kg3 Kb6 36. a5+ Ka6 37. Rc3 Kxa5 38. Rxc6 Rb3 39. Rd6 Kb5 40. Rd7 Kc6 41. Rxf7 Rxd3+ 42. Kg4 Rd4+ 43. Kh5 Rd5+ 44. Kh4 Rd7 45. Rf3 Rd4+ 46. g4 g6 47. Rf7 Rd7 48. Rf8 Kd5 49. f4 Ke4 50. Rf6 Kf3 51. Rxg6 Rd1 52. Rxh6 Rh1+ 53. Kg5 Rxh6 54. Kxh6 Kxg4 55. f5 Kxf5 1/2-1/2

[Event "Oberliga Nord O 1314"]
[Site "Germany"]
[Date "2013.11.20"]
[Round "3.5"]
[White "Valet, Richard"]
[Black "Heuer, Thomas"]
[Result "1-0"]
[WhiteElo "2062"]
[BlackElo "2156"]
[PlyCount "83"]
[EventDate "2013.10.13"]
[EventType "team-tourn"]
[EventRounds "9"]
[EventCountry "GER"]
[SourceTitle "EXT 2015"]
[Source "ChessBase"]
[SourceDate "2014.11.20"]
[SourceVersion "1"]
[SourceVersionDate "2014.11.20"]
[SourceQuality "1"]
[WhiteTeam "Greifswald"]
[BlackTeam "Neuruppin"]
[WhiteTeamCountry "GER"]
[BlackTeamCountry "GER"]

1. e4 c5 2. Nc3 Nc6 3. g3 g6 4. Bg2 Bg7 5. d3 d6 6. f4 Nf6 7. Nf3 Bg4 8. h3 Bxf3 9. Qxf3 Nd7 10. 0-0 0-0 11. Nd5 a5 12. c3 a4 13. a3 b5 14. g4 e6 15. Ne3 b4 16. e5 d5 17. g5 bxc3 18. bxc3 Qa5 19. Bd2 Rfb8 20. Rf2 Rb2 21. Rd1 Rxd2 22. Rdxd2 Qxc3 23. Nxd5 exd5 24. Qxd5 Qc1+ 25. Kh2 Ndxe5 26. Rc2 Qb1 27. Qa2 Qd1 28. Rcd2 Qc1 29. Qc2 Qa1 30. Rd1 Qd4 31. fxe5 Bxe5+ 32. Kh1 Rc8 33. Rdf1 Nd8 34. Qc4 Qe3 35. Rf3 Qe2 36. Qxa4 Ne6 37. Qd7 Rf8 38. Rxf7 Bd6 39. Rxf8+ Bxf8 40. Qf7+ Kh8 41. Bd5 Qxd3 42. Qxf8+ 1-0

[Event "Oberliga Nord O 1213"]
[Site "Germany"]
[Date "2013.02.24"]
[Round "7.5"]
[White "Heuer, Thomas"]
[Black "Wlodarczyk, Oskar"]
[Result "1/2-1/2"]
[WhiteElo "2152"]
[BlackElo "2279"]
[PlyCount "103"]
[EventDate "2012.10.17"]
[EventType "team-tourn"]
[EventRounds "9"]
[EventCountry "GER"]
[SourceTitle "EXT 2015"]
[Source "ChessBase"]
[SourceDate "2014.11.20"]
[SourceVersion "1"]
[SourceVersionDate "2014.11.20"]
[SourceQuality "1"]
[WhiteTeam "Neuruppin"]
[BlackTeam "Ruedersdorf"]
[WhiteTeamCountry "GER"]
[BlackTeamCountry "GER"]

1. Nf3 Nf6 2. c4 g6 3. g3 Bg7 4. Bg2 d5 5. 0-0 0-0 6. cxd5 Nxd5 7. Nc3 c5 8. Nxd5 Qxd5 9. d3 Nc6 10. Qa4 Qd7 11. Qh4 Qg4 12. Qxg4 Bxg4 13. h3 Bd7 14. Bd2 Rac8 15. Rac1 b6 16. Bc3 Rfd8 17. Bxg7 Kxg7 18. a3 f6 19. Rc2 e5 20. Rfc1 Be6 21. b4 cxb4 22. Rxc6 bxa3 23. Rxc8 Rxc8 24. Rxc8 Bxc8 25. Ne1 Be6 26. Nc2 a2 27. Bc6 Kf7 28. Kf1 Ke7 29. Ke1 Kd6 30. Be8 Bxh3 31. Kd2 Bd7 32. Bf7 Be6 33. Be8 Kc5 34. Kc3 b5 35. Kb2 a5 36. e3 a4 37. d4+ exd4 38. exd4+ Kc4 39. d5 Bxd5 40. Ne3+ Kc5 41. Nxd5 Kxd5 42. Bxb5 Ke4 43. Be2 Kd4 44. Kxa2 Kc3 45. Ka3 Kd2 46. Bc4 Ke1 47. Bg8 h6 48. f4 Kf2 49. g4 Kg3 50. g5 fxg5 51. fxg5 hxg5 52. Bf7 1/2-1/2

[Event "Berlin Lichtenrade op 07th"]
[Site "Berlin"]
[Date "2011.10.13"]
[Round "6"]
[White "Heuer, Thomas"]
[Black "Moeller, Hendrik"]
[Result "1/2-1/2"]
[WhiteElo "2129"]
[BlackElo "2222"]
[PlyCount "141"]
[EventDate "2011.10.08"]
[EventType "swiss"]
[EventRounds "9"]
[EventCountry "GER"]
[SourceTitle "CBM 144 Extra"]
[Source "ChessBase"]
[SourceDate "2011.10.28"]
[SourceVersion "1"]
[SourceVersionDate "2011.10.28"]
[SourceQuality "1"]

1. d4 Nf6 2. Nf3 e6 3. c4 Bb4+ 4. Bd2 Qe7 5. g3 Nc6 6. Nc3 Bxc3 7. Bxc3 Ne4 8. Rc1 d6 9. d5 Nxc3 10. Rxc3 Nd8 11. dxe6 fxe6 12. Bg2 0-0 13. 0-0 Kh8 14. Nd4 Rb8 15. b4 a6 16. Nc2 Bd7 17. a3 Ba4 18. Qd2 Nc6 19. Nd4 Nd8 20. Be4 Nf7 21. Nf3 Qf6 22. Qd3 g6 23. Qd4 Qxd4 24. Nxd4 Bd7 25. Bg2 Kg7 26. c5 e5 27. Nc2 Bb5 28. Re1 Ng5 29. cxd6 cxd6 30. Ne3 Ne6 31. Bd5 Nd4 32. Rc7+ Kh8 33. Bc4 Rbc8 34. Rxc8 Rxc8 35. Bxb5 axb5 36. Kf1 Rc3 37. Ra1 Nb3 38. Rd1 Nd4 39. Ra1 Kg7 40. Nd5 Rc2 41. e3 Nb3 42. Rd1 Nd2+ 43. Kg1 Ne4 44. Rf1 Kf7 45. f3 Nc3 46. e4 Nxd5 47. exd5 Rc3 48. f4 e4 49. Re1 e3 50. Kg2 Rxa3 51. Kf3 Rd3 52. Rxe3 Rxd5 53. Rc3 Rd4 54. Rc7+ Ke6 55. Rxb7 Rxb4 56. Rxh7 Rb1 57. Rh6 b4 58. Rxg6+ Kd5 59. Ke3 Rh1 60. Kd3 Rxh2 61. Rg5+ Kc6 62. Kc4 Rb2 63. Rg6 Rb1 64. f5 b3 65. Kc3 Kc5 66. f6 d5 67. Rg5 Rf1 68. Kxb3 Rxf6 69. Rg4 Rf3+ 70. Kc2 d4 71. Rg8 1/2-1/2

[Event "Berlin Lichtenberger op 9th"]
[Site "Berlin"]
[Date "2010.08.14"]
[Round "8"]
[White "Heuer, Thomas"]
[Black "Strobel, Norbert"]
[Result "1/2-1/2"]
[WhiteElo "2152"]
[BlackElo "1986"]
[PlyCount "31"]
[EventDate "2010.08.07"]
[EventType "swiss"]
[EventRounds "9"]
[EventCountry "GER"]
[SourceTitle "CBM 137 Extra"]
[Source "ChessBase"]
[SourceDate "2010.09.01"]
[SourceVersion "1"]
[SourceVersionDate "2010.09.01"]
[SourceQuality "1"]

1. d4 d5 2. Nf3 Nf6 3. c4 e6 4. Nc3 b6 5. Bg5 Be7 6. e3 h6 7. Bh4 0-0 8. Be2 Bb7 9. 0-0 Nbd7 10. Rc1 c5 11. cxd5 Nxd5 12. Bxe7 Qxe7 13. Nxd5 Bxd5 14. Qa4 Rfc8 15. Rfd1 Rc7 16. dxc5 1/2-1/2

[Event "Berlin Lichtenberger op 9th"]
[Site "Berlin"]
[Date "2010.08.13"]
[Round "7"]
[White "Karpa, Adrian"]
[Black "Heuer, Thomas"]
[Result "1/2-1/2"]
[WhiteElo "1852"]
[BlackElo "2152"]
[PlyCount "91"]
[EventDate "2010.08.07"]
[EventType "swiss"]
[EventRounds "9"]
[EventCountry "GER"]
[SourceTitle "CBM 137 Extra"]
[Source "ChessBase"]
[SourceDate "2010.09.01"]
[SourceVersion "1"]
[SourceVersionDate "2010.09.01"]
[SourceQuality "1"]

1. e4 c5 2. Nf3 Nc6 3. d4 cxd4 4. Nxd4 g6 5. c4 Bg7 6. Be3 Nf6 7. Nc3 d6 8. Be2 0-0 9. g4 Bxg4 10. f3 Nxd4 11. Bxd4 Be6 12. Qd2 Rc8 13. b3 Qa5 14. Rd1 a6 15. Kf2 Rfd8 16. h4 Nh5 17. Bxg7 Kxg7 18. Rdg1 f5 19. Qd4+ Qe5 20. Qxe5+ dxe5 21. exf5 Bxf5 22. Nd5 e6 23. Nc3 Rd2 24. Rd1 Rcd8 25. Ke3 R2d4 26. Na4 Ng3 27. Rhg1 Nxe2 28. Kxe2 Bd3+ 29. Kf2 Bc2 30. Rde1 Rd2+ 31. Re2 Bd1 32. Rxd2 Rxd2+ 33. Ke3 Rd4 34. Nc5 Kf6 35. Nxb7 Bc2 36. c5 Rd3+ 37. Ke2 Rd7 38. c6 Re7 39. Na5 e4 40. f4 e5 41. fxe5+ Kxe5 42. Ke3 Bd3 43. a4 Rf7 44. Rg5+ Kd6 45. Kd4 Re7 46. Rd5+ 1/2-1/2

[Event "Berlin Herbst op"]
[Site "Berlin"]
[Date "2007.10.19"]
[Round "6"]
[White "Zschaebitz, Klaus"]
[Black "Heuer, Thomas"]
[Result "1/2-1/2"]
[WhiteElo "2101"]
[BlackElo "2188"]
[PlyCount "135"]
[EventDate "2007.10.14"]
[EventType "swiss"]
[EventRounds "9"]
[EventCountry "GER"]
[SourceTitle "EXT 2008"]
[Source "ChessBase"]
[SourceDate "2007.11.25"]
[SourceVersion "1"]
[SourceVersionDate "2007.11.25"]
[SourceQuality "1"]

1. d4 d5 2. Nf3 Nf6 3. Bf4 c6 4. e3 Bg4 5. Nbd2 Nbd7 6. h3 Bxf3 7. Qxf3 e6 8. Bd3 Be7 9. 0-0 0-0 10. c3 Re8 11. Rfe1 Nf8 12. Rac1 Qb6 13. b3 Rac8 14. b4 Ng6 15. Bg3 Qd8 16. Qd1 Bd6 17. Bxd6 Qxd6 18. f4 b6 19. Qa4 Qc7 20. Qa3 Qe7 21. Qb2 Red8 22. Rb1 Qc7 23. Qc2 Nf8 24. Nf3 c5 25. Ba6 Rb8 26. dxc5 bxc5 27. b5 N8d7 28. c4 Rb6 29. a4 Nb8 30. cxd5 exd5 31. a5 Rbd6 32. Rbc1 Nxa6 33. bxa6 c4 34. Qc3 Rxa6 35. Ra1 Rb8 36. Rab1 h6 37. Rxb8+ Qxb8 38. Nd4 Qc7 39. Ra1 Qc5 40. Nf5 Kh7 41. Kh2 Re6 42. a6 g6 43. Nd4 Rb6 44. Ra5 Qe7 45. Nb5 Qd7 46. Qd4 Rxb5 47. Rxb5 Qxb5 48. Qxa7 Nd7 49. Qa8 Nb6 50. Qb7 Kg7 51. a7 Qc5 52. e4 dxe4 53. Qxe4 c3 54. a8Q Nxa8 55. Qxa8 c2 56. Qa1+ Kh7 57. Qc1 Qc3 58. h4 h5 59. f5 gxf5 60. g3 f6 61. Kh3 Kg6 62. Kh2 Qd3 63. Qe1 Kf7 64. Qh1 Qe2+ 65. Kh3 Qd2 66. Qb7+ Kg6 67. Qc8 c1Q 68. Qg8+ 1/2-1/2

[Event "Berlin Herbst op"]
[Site "Berlin"]
[Date "2007.10.15"]
[Round "2"]
[White "Kohl, Ingo"]
[Black "Heuer, Thomas"]
[Result "1/2-1/2"]
[WhiteElo "1964"]
[BlackElo "2188"]
[PlyCount "56"]
[EventDate "2007.10.14"]
[EventType "swiss"]
[EventRounds "9"]
[EventCountry "GER"]
[SourceTitle "EXT 2008"]
[Source "ChessBase"]
[SourceDate "2007.11.25"]
[SourceVersion "1"]
[SourceVersionDate "2007.11.25"]
[SourceQuality "1"]

1. e4 c5 2. Nc3 Nc6 3. g3 g6 4. Bg2 Bg7 5. d3 d6 6. f4 e6 7. Nf3 Nge7 8. Bd2 0-0 9. 0-0 Rb8 10. Rb1 b5 11. Ne2 b4 12. g4 f5 13. gxf5 exf5 14. Kh1 Kh8 15. Qe1 Ng8 16. Ng5 Nce7 17. Ng1 Rb6 18. N1f3 Nh6 19. Qh4 Neg8 20. e5 Qc7 21. e6 Nf6 22. Rfe1 Qe7 23. d4 cxd4 24. Nxd4 Bb7 25. Re2 Bxg2+ 26. Rxg2 Ne4 27. Ndf3 Nxg5 28. Nxg5 Qb7 1/2-1/2